Financial aspects of due diligence diplomová práca

Gespeichert in:
Bibliographische Detailangaben
1. Verfasser: Pitáková, Katarína
Körperschaft: Národohospodárska fakulta EU. Katedra financií
Weitere Verfasser: Hocman, František, 1983-
Format: Buch
Sprache:Englisch
Veröffentlicht: Bratislava 2018
Tags: Tag hinzufügen
Keine Tags, Fügen Sie das erste Tag hinzu!

MARC

LEADER 00000nbm a2200000 4500
001 0244220
005 20181126134208.6
041 0 |a eng 
044 |a SK 
245 1 0 |a Financial aspects of due diligence  |b diplomová práca  |c Katarína Pitáková ; školiteľ: František Hocman 
264 1 |a Bratislava  |c 2018 
300 |a 72 s. 
100 1 |a Pitáková, Katarína 
700 1 |a Hocman, František, 1983- 
710 2 |a Národohospodárska fakulta EU. Katedra financií